Indicators of green public procurement for sustainable production

Zelený rast a trvalo udržateľný vývoj. Stratégia a ukazovatele zeleného rastu. Zelené verejné obstarávanie. Integrácia indikátorov trvalo udržateľnej produkcie, spotreby a zeleného rastu v procesoch zeleného verejného obstarávania.

Gespeichert in:
Bibliographische Detailangaben
1. Verfasser: Kottner, Artur
Weitere Verfasser: Štofová, Lenka, 1989-, Szaryszová, Petra, 1984-, Lešková, Ľubica, 1988-
Format: Buchkapitel
Sprache:Englisch
Schlagworte:
Tags: Tag hinzufügen
Keine Tags, Fügen Sie das erste Tag hinzu!

MARC

LEADER 00000naa$a2200000$$$4500
001 0234778
005 20240722105200.2
041 0 |a eng 
044 |a NL 
245 1 0 |a Indicators of green public procurement for sustainable production  |c Artur Kottner, Lenka Štofová, Petra Szaryszová, Ľubica Lešková 
520 |a Zelený rast a trvalo udržateľný vývoj. Stratégia a ukazovatele zeleného rastu. Zelené verejné obstarávanie. Integrácia indikátorov trvalo udržateľnej produkcie, spotreby a zeleného rastu v procesoch zeleného verejného obstarávania. 
610 2 0 |a vývoj 
610 2 0 |a produkcia 
610 2 0 |a spotreba 
610 2 0 |a rozvoj trvalo udržateľný 
610 2 0 |a ukazovatele 
610 2 0 |a obstarávanie verejné 
610 2 0 |a obstarávanie verejné zelené 
100 1 |a Kottner, Artur 
700 1 |a Štofová, Lenka, 1989- 
700 1 |a Szaryszová, Petra, 1984- 
700 1 |a Lešková, Ľubica, 1988-